Statistiche per Stemmi Squadre di calcio - Bundesliga - Quiz n°3

Clicka qui per fare il quiz!

Statistiche generali

  • Questo quiz è stato fatto 51 volte
  • Il punteggio medio è 9 su 10

Statistiche sulle risposte

Risposta% Corretto
1. Fußball-Club Köln 01/07
100%
Ballspielverein Borussia 09 Dortmund
100%
Spielvereinigung Greuther Fürth
100%
Sport-Club Paderborn 07
100%
RasenBallsport Leipzig
98%
1. Fußball- und Sportverein Mainz 05
89%
Hertha Berliner Sport-Club
89%
Borussia Verein für Leibesübungen 1900 Mönchengladbach
84%
1. Fußball-Club Nürnberg Verein für Leibesübungen
67%
Turn- und Sportverein München von 1860
58%

Distribuzione punteggi

Percentile per numero di risposta

Percentuale di utenti per punteggio

I tuoi punteggi nel tempo

Non hai fatto questo quiz